| 000 | 00491nam a2200217Ia 4500 | ||
|---|---|---|---|
| 008 | 210210b1957 xxu||||| |||| 00| 0 eng d | ||
| 041 | _aeng | ||
| 082 | _a370/27 | ||
| 100 | _aINDIA (Government of) | ||
| 245 | _aEducation in India Vol II 1953-54 | ||
| 260 |
_aDelhi _bManager of Publications, _c1957 |
||
| 440 | _a2 | ||
| 650 | _aVol | ||
| 650 | _aIndia | ||
| 650 | _ain | ||
| 650 | _aII | ||
| 650 | _aEducation | ||
| 650 | _a1953-54 | ||
| 690 | _aEducation | ||
| 906 | _a004967 | ||
| 999 |
_c128641 _d128641 |
||